Hướng dẫn tự học Autocad 2000 toàn tập. T.2 /
Hướng dẫn tự học Autocad 2000 toàn tập là một cuốn sách duy nhất bao gồm cả các bài hướng dẫn và tham khảo, cung cấp cho bạn đọc mới bắt đầu sử dụng Autocad là phần mềm máy tính phục vụ đắc lực cho các nhà thiết kế và vẽ kỹ thuật....
Na minha lista:
| Autor principal: | |
|---|---|
| Outros Autores: | |
| Formato: | Livro |
| Idioma: | Vietnamese |
| Publicado em: |
Hà Nội :
Thống kê,
2000.
|
| Assuntos: | |
| Tags: |
Adicionar Tag
Sem tags, seja o primeiro a adicionar uma tag!
|
| Thư viện lưu trữ: | Mạng thư viện Đại học Đà Nẵng |
|---|
| LEADER | 01219cam a2200361 a 4500 | ||
|---|---|---|---|
| 001 | 000042961 | ||
| 003 | 836 | ||
| 005 | 20060103160958.0 | ||
| 008 | 010217b2000 vm 000 vie | ||
| 022 | |a T | ||
| 040 | |a IRC |c IRC |d IRC | ||
| 041 | 0 | |a vie | |
| 082 | 1 | 4 | |a 006.6 |b TR-N |
| 100 | 1 | |a Trung Nguyên. | |
| 245 | 1 | 0 | |a Hướng dẫn tự học Autocad 2000 toàn tập. |n T.2 / |c Trung Nguyên, Giang Đô. |
| 260 | |a Hà Nội : |b Thống kê, |c 2000. | ||
| 300 | |a 609 tr. ; |c 24 cm. | ||
| 520 | 3 | |a Hướng dẫn tự học Autocad 2000 toàn tập là một cuốn sách duy nhất bao gồm cả các bài hướng dẫn và tham khảo, cung cấp cho bạn đọc mới bắt đầu sử dụng Autocad là phần mềm máy tính phục vụ đắc lực cho các nhà thiết kế và vẽ kỹ thuật. | |
| 630 | 0 | 4 | |a Tin học. |
| 630 | 0 | 4 | |a AutoCAD. |
| 630 | 0 | 4 | |a Computer graphics. |
| 650 | 0 | 4 | |a AutoCAD (Phần mềm máy tính) |
| 700 | 1 | |a Giang Đô. | |
| OWN | |a DUT | ||
| 999 | |a From the UDN01 | ||
| TYP | |a Monograph | ||
| TYP | |a Printed language | ||
| 980 | |a Mạng thư viện Đại học Đà Nẵng | ||